000 00928nam0a22002531 4500
001 rc\423925
005 20260405084554.0
035 _a(NLR Aleph) 005671256
090 _a6976796
_c6976796
100 _a20030616d1988 |||y0rusy50 ca
101 0 _arus
102 _aRU
105 _aa |||||||||
200 1 _aСпециальные методы очистки воды. Вопросы гражданской обороны
_eУчеб. пособие
_fЛенингр. инж.-строит. ин-т
210 _aЛ.
_cЛИСИ
_d1988
215 _a92 с.
_cил.
_d20
320 _aБиблиогр.: с. 83-84 (23 назв.)
700 1 _8rus
_7ca
_aДмитриев
_bВ. Д.
_cканд. техн. наук, историк
_gВладимир Дмитриевич
_3RU\NLR\AUTH\7730771
_913789
801 0 _aRU
_bNLR
_gpsbo
801 1 _aRU
_bELAR
_2rusmarc
852 _aNLR
_j89-4/4752
942 _cBOOK
980 _aNB